000
00275nam a2200109Ia 4500
008
201216s9999 xx 000 0 und d
100
_a
Kolb, David A. [et al.]
245
0
_a
Organizational Psychology
260
_a
Englewood Cliffs
_b
Prentice Hall
300
_a
537
942
_c
BK
999
_c
6529
_d
6529